Oiseaux par leur nom scientifique - Statistiques

Statistiques générales
  • Ce quiz a été pris 29 fois
  • Le résultat moyen est 12 sur 16
Statistiques - réponses
Hint Réponse % Correct
Hirondelle rustique Hirundo rustica
95%
Pie bavarde Pica pica
95%
Cigogne blanche Ciconia ciconia
90%
Vanneau huppé Vanellus vanellus
90%
Aigrette garzette Egretta garzetta
86%
Huppe fasciée Upupa epops
86%
Milan noir Milvus migrans
81%
Héron pourpré Ardea purpurea
76%
Martin pêcheur d'Europe Alcedo atthis
71%
Mouette mélanocéphale Ichthyaetus melanocephalus
71%
Grand cormoran Phalacrocorax carbo
71%
Rougegorge familier Erithacus rubecula
67%
Aigle Royal Aquila chrysaetos
62%
Bergeronnette grise Motacilla alba
62%
Chevalier bargette Xenus cinereus
52%
Courlis cendré Numenius aruata
43%
Aucun quiz correspondant
Distribution des résultats
% des personnes avec chaque résultat
Percentile par nombre de réponses
Votre historique - résultats
Vous n’avez pas pris ce quiz